000 01034cam a2200253 4500
001 WB3733-05
008 010905n2001 000 0 eng u
035 _a(Sirsi) u114453
245 _aGovernment adopts BAA style framework deals
260 _c2001
490 _aBuilding
_v266(8200) 31 August 2001, 11(1)
520 _aGovernment is set to overhaul its procurement policy by adopting BAA style framework deals. The agreements will lead to the appointment of a small number of supplier teams to carry out departmental repairs and new-build projects. The idea is supported by Sir John Egan, although the move has raised concern among trade associations representing small and medium-sized contractors.
590 _aWB
650 _aPROCUREMENT POLICY
650 _aSUPPLIERS
650 _aNEW BUILD
650 _aBUILT ENVIRONMENT-BUILDING MAINTENANCE AND REFURBISHMENT
650 _aBAA
650 _aFRAMEWORK AGREEMENTS
650 _aGOVERNMENT
650 _aSMES
690 _aProcurement
_96260
942 _n0
999 _c68175
_d68175